002540000a220007300045001000036000002450062000363000053000987730029001511 aDe Marco, Miguel Angel (1966- )10aInstituto forum latinus : Training Latin missions leaders aVol. 79, Num. 1 (Enero-Marzo, 1999), Página 150 tLatin America Evangelist